01773 2200265 4500001002100000005001500021035002000036007000300056008004100059020001800100082001200118084001800130100003500148245007200183250002000255300003800275650001400313505101100327740005001338264003001388336002101418337003001439338002301469990001501492INLIS00000000000001220260408033245 a0010-0426000011ta260408 g 0 ind  a9789792920529 a004.678 a004.678 JAT m0 aJati, Paulus YesayaePengarang1 aMembuat webstie eye catching dengan flash CS5 /cPaulus Yesaya Jati acetakan pertama a106 halaman :bilustrasi ;c23 cm 4asitus web aHadapilah kenyataan bahwa desain yang buruk dari sebuah web statis sudah tidak diminati lagi. Web memang telah cukup lama hadir di sekitar Anda dan banyak orang telah cukup terbiasa berhadapan dengan sebuah web. Namun, banyak orang juga ingin dan berharap bila sebuah web dapat disajikan dengan Eye Catching (menarik) pada saat online. Isi buku ini akan menunjukkan bagaimana cara membuat desain web yang menarik. Saat atasan mengharapkan Anda untuk meramaikan situs web perusahaan atau Anda ingin mencoba membuat web beranimasi untuk sebuah proyek, buku berbasis panduan praktis ini akan menunjukkan kepada Anda tentang cara memulai membuat animasi Flash secara instan pada sebuah web. Isi buku ini disampaikan dengan praktis, step by step yang efisien, serta didukung gambar petunjuk yang jelas sehingga membuat Anda dapat menggunakan tool Flash dengan efisien, misal: membuat dan menganimasikan grafis, membuat tweening, menambahkan sound, membuat animasi web Flash secara instan, dan masih banyak lagi. aMembuat webstie eye catching dengan flash CS5 aYogyakarta :bANDI,c2012 2rdacontentateks 2rdamediaatanpa perantara 2rdacarrieravolume aPP00016/19